=LDR 00000nam 2200000 4500 =001 INLIS000000000050224 =005 20170425022204 =035 ##$$a 0010-0417000039 =007 ta =008 170425###########################0###### =020 ##$$a 978 - 602 - 97501 - 5 - 7 =082 ##$$a 551.45 =084 ##$$a 551.45 TJA m =100 #$$a Tjandra, Ellen =245 1#$$a Mengenal Pantai /$c Ellen Tjandra =250 ##$$a Cet.2 =260 ##$$a Bogor :$b Citra Insan Madani ( CIM ),$c 2013 =300 ##$$a 64 hlm. ; $c 25 cm. =650 ##$$a Pantai - Laut =990 ##$$a 73297329 =990 ##$$a 73297329 =990 ##$$a 31700655 =990 ##$$a 02201707329 =990 ##$$a 31700656 =990 ##$$a 31700655